LEADER 01258nam2-2200385---450- 001 990000808870203316 005 20091012133651.0 010 $a0-7923-1179-5 035 $a0080887 035 $aUSA010080887 035 $a(ALEPH)000080887USA01 035 $a0080887 100 $a20011219d1991----km-y0itay0103----ba 101 $aeng 102 $aUS 105 $a||||||||001yy 200 1 $aArticles 1-35$fcompiled and edited with an introduction by Shabtai Rosenne$vpt.1 210 $aDordrecht$cM. Nijhoff$dc1991 215 $aIX, 380 p$d30 cm 410 $12001 461 $10010080882$12001$aThe international law commission's draft articles on state responsability 606 0 $aResponsabilitą $xDiritto internazionale 676 $a341.26 710 02$aNazioni Unite : International law commission$0495368 801 0$aIT$bsalbc$gISBD 912 $a990000808870203316 951 $aXXIII.1.A. 126 (IG VIII 4 549)$b2949 G$cXXIII.1.A. 126 (IG VIII)$d00243609 959 $aBK 969 $aGIU 979 $aPATTY$b90$c20011219$lUSA01$h1423 979 $c20020403$lUSA01$h1727 979 $aPATRY$b90$c20040406$lUSA01$h1656 979 $aRSIAV2$b90$c20091012$lUSA01$h1336 996 $aArticles 1-35$9966474 997 $aUNISA LEADER 03748nam 2200769 450 001 9910815308103321 005 20200520144314.0 010 $a979-88-908792-1-9 010 $a0-8078-5678-9 010 $a1-4696-0095-1 035 $a(CKB)3710000000538153 035 $a(EBL)4321916 035 $a(SSID)ssj0001591046 035 $a(PQKBManifestationID)16290484 035 $a(PQKBTitleCode)TC0001591046 035 $a(PQKBWorkID)13719163 035 $a(PQKB)11532018 035 $a(OCoLC)967540722 035 $a(MdBmJHUP)muse48328 035 $a(Au-PeEL)EBL4321916 035 $a(CaPaEBR)ebr11149703 035 $a(CaONFJC)MIL929298 035 $a(OCoLC)935259574 035 $a(MiAaPQ)EBC4321916 035 $a(PPN)252683625 035 $a(EXLCZ)993710000000538153 100 $a20160209h20062006 uy 0 101 0 $aeng 135 $aur|n|---||||| 181 $ctxt 182 $cc 183 $acr 200 10$aAmerican curiosity $ecultures of natural history in the colonial British Atlantic world /$fSusan Scott Parrish 210 1$aChapel Hill, [North Carolina] :$cPublished for the Omohundro Institute of Early American History and Culture, Williamsburg, Virginia, by the University of North Carolina Press,$d2006. 210 4$d©2006 215 $a1 online resource (342 p.) 225 1 $aPublished for the Omohundro Institute of Early American History and Culture, Williamsburg, Virginia 300 $aIncludes index. 311 $a0-8078-3889-6 311 $a0-8078-3009-7 320 $aIncludes bibliographical references and index. 327 $aThe British metropolis and its "America," 1584-1763. A strange overplus ; Nature's admirable regularity ; London's curious -- English bodies in America. The English humoral body ; Contagious climates ; The English body saved ; Uncouth symptoms -- Atlantic correspondence networks and the curious male colonial. Mutual commerce ; Not one rational eye ; The empirical advantage ; Becoming an F.R.S. ; Us Americans -- The nature of candid friendship. Familiar letters ; The honest friend versus the fop ; Curious love ; Gifts -- Lavinia's nature. Fatal curiosity ; A peculiar grace in the fair sex ; Specimens by every shipping ; Finding signs of the pastoral -- Indian sagacity. The most secret things of nature ; Dear and deadly grapes ; Contested mediation ; No people have better eyes ; A wonderful antidote -- African magi, slave poisoners. Topographies of slave knowledge ; Cunning ; Hiding places ; Collectors ; Poisoners ; Healers ; Obscene birds ; Forest trial, forest refuge. 410 0$aPublished for the Omohundro Institute of Early American History and Culture, Williamsburg, Virginia 606 $aNatural history$zUnited States$xHistory 606 $aScience$xSocial aspects$zUnited States$xHistory 606 $aIntercultural communication$zUnited States$xHistory 606 $aImperialism$xHistory 607 $aUnited States$xEthnic relations 607 $aUnited States$xIntellectual life 607 $aGreat Britain$xIntellectual life 607 $aGreat Britain$xColonies$zAmerica 607 $aUnited States$xRelations$zGreat Britain 607 $aGreat Britain$xRelations$zUnited States 615 0$aNatural history$xHistory. 615 0$aScience$xSocial aspects$xHistory. 615 0$aIntercultural communication$xHistory. 615 0$aImperialism$xHistory. 676 $a508/.0973 700 $aParrish$b Susan Scott$01702921 712 02$aOmohundro Institute of Early American History & Culture. 801 0$bMiAaPQ 801 1$bMiAaPQ 801 2$bMiAaPQ 906 $aBOOK 912 $a9910815308103321 996 $aAmerican curiosity$94087792 997 $aUNINA